00809 2200217 4500001002100000005001500021007000300036008004100039020002200080035002000102082001300122084001900135100001900154245011400173250000600287260003100293300002800324520020300352700001900555990001700574INLIS00000000000099520260604084243ta260604 c 0 ind  a978-979-015-641-8 a0010-0823000159 a620.0092 a620.0092 NIQ a0 aNiquen Hananti1 aAku Ingin Menjadi Insinyur Pertambangan :bseri pengenalan profesi /cNiquen Hananti ; editor, Yulia Indriati a- aJakarta :bErlangga,c2007 a31 :bilus. ;c24 cme- aTahukah kalian bahwa Insinyur Pertambangan itu ada yang bekerja di daerah pegunungan, dan ada juga yang di laut? Tahukah kalian harus sekolah di mana agar kalian bisa menjadi Insinyur Pertambangan ?0 aYulia Indriati a00102/K/2017